Низковольтные автоматические выключатели: учебное пособие для вузов

التفاصيل البيبلوغرافية
المؤلف الرئيسي: Кабышев А. В. Александр Васильевич
مؤلف مشترك: Национальный исследовательский Томский политехнический университет (ТПУ)
مؤلفون آخرون: Тарасов Е. В. Евгений Владимирович
الملخص:В пособии приведены теоретические основы отключения цепи с током автоматическими выключателями, общие сведения об автоматах, их параметры и защитные характеристики. Справочный материал пособия позволяет подобрать защитную аппаратуру, обеспечивающую требуемую нормативными документами чувствительность и быстродействие защиты, селективность ее работы в низковольтных распределительных сетях системы электроснабжения. Также приводятся сведения о влиянии температуры окружающей среды на рабочий ток тепловых расцепителей автоматов.
اللغة:الروسية
منشور في: Томск, Изд-во ТПУ, 2011
الموضوعات:
التنسيق: كتاب
KOHA link:https://koha.lib.tpu.ru/cgi-bin/koha/opac-detail.pl?biblionumber=210010

MARC

LEADER 00000nam0a2200000 4500
001 210010
005 20231101225602.0
035 |a (RuTPU)RU\TPU\book\229370 
090 |a 210010 
100 |a 20120217d2011 m y0rusy50 ca 
101 0 |a rus 
102 |a RU 
105 |a a j 001zy 
200 1 |a Низковольтные автоматические выключатели  |e учебное пособие для вузов  |f А. В. Кабышев, Е. В. Тарасов  |g Национальный исследовательский Томский политехнический университет (ТПУ) 
210 |a Томск  |c Изд-во ТПУ  |d 2011 
215 |a 346 с.  |c ил. 
320 |a Библиогр.: с. 337. 
330 |a В пособии приведены теоретические основы отключения цепи с током автоматическими выключателями, общие сведения об автоматах, их параметры и защитные характеристики. Справочный материал пособия позволяет подобрать защитную аппаратуру, обеспечивающую требуемую нормативными документами чувствительность и быстродействие защиты, селективность ее работы в низковольтных распределительных сетях системы электроснабжения. Также приводятся сведения о влиянии температуры окружающей среды на рабочий ток тепловых расцепителей автоматов. 
606 1 |a Выключатели автоматические  |x Эксплуатация  |2 stltpush  |3 (RuTPU)RU\TPU\subj\3857  |9 32201 
610 1 |a классификация 
610 1 |a назначение 
610 1 |a элементы 
610 1 |a параметры 
610 1 |a защитные характеристики 
610 1 |a низковольтные выключатели 
610 1 |a труды учёных ТПУ 
610 1 |a учебные пособия 
675 |a 621.316.57(075.8)  |v 3 
700 1 |a Кабышев  |b А. В.  |c специалист в области электроэнергетики  |c профессор Томского политехнического университета  |g Александр Васильевич  |2 stltpush  |3 (RuTPU)RU\TPU\pers\27068 
701 1 |a Тарасов  |b Е. В.  |c специалист в области электротехники  |c доцент Томского политехнического университета, кандидат технических наук  |f 1954-  |g Евгений Владимирович  |2 stltpush  |3 (RuTPU)RU\TPU\pers\27126 
712 0 2 |a Национальный исследовательский Томский политехнический университет (ТПУ)  |c (2009- )  |2 stltpush  |3 (RuTPU)RU\TPU\col\15902 
801 1 |a RU  |b 63413507  |c 20120217 
801 2 |a RU  |b 63413507  |c 20120227  |g RCR 
942 |c BK